000 01185ngm a22002650a 4500
001 PT36035
003 AR-LpoUNG
005 20210202000500.0
007 vd cvaizq
008 191001suuuu||||ag |||||||||||||||||eng d
040 _aAR-LpoUNG
_bspa
_cAR-LpoUNG
_eaacr
041 _aeng
044 _aag
082 0 _a809.7 173otr
100 1 _aRamis, Harold
_edir.
245 1 0 _aMis otros yo = Multiplicity
260 _aLa Rioja :
_bLk-Tel,
_c1996.
300 _aVHS (110 min.) : son., col.
505 0 _aDiálogos en inglés con subtítulos en castellano. - Elenco: Michael Keaton, Andie MacDowell, Harris Yulin, Richard Masur
520 _aDoug Kenney es un contratista cuyo trabajo está quitándole lo poco de tiempo que tiene para su familia. Desesperado y al límite de su resistencia física, se cruza con la solución ideal: el doctor Leeds, un genetista que ha descubierto la manera de clonar seres humanos. Ahora Doug va a tener varias versiones de sí mismo para aliviar su vida. Sin embargo, las cosas resultan al revés, cuando los clones comienzan a tomar sus propias decisiones
653 _aCOMEDIA
653 _aVIDEOS
905 _a36035
942 _cVIDEO
999 _c54934
_d54934